| 000 | 00688nam a2200169 i 4500 | ||
|---|---|---|---|
| 001 | 103055 | ||
| 003 | ES-MaACL | ||
| 005 | 20230906183245.0 | ||
| 007 | t| | ||
| 008 | 060109s1798 sp ||||1| spa d | ||
| 080 | _a615.2"17" | ||
| 245 | 0 | 0 |
_aCrítica de las píldoras julianas _b: disertacion farmaceútico-chimica, en que se demuestra por principios su verdadera composicion y todos sus defectos para desengaño del publico / _csu autor D. M. H. D. G. |
| 260 |
_aEn Alcalá : _bEn la Oficina de la Real Universidad, _c1798. |
||
| 300 |
_a30 p. ; _c20 cm. |
||
| 650 | 1 | 4 |
_aMedicamentos- _vObras anteriores a 1800. _914888 |
| 852 |
_aES-MaACL _jR-3431(6) |
||
| 999 |
_c103055 _d103055 |
||